00529nam a2200205Ia 4500008004100000020001500041050000800056050000900064245002000073260001800093260003900111260000900150300001500159300002600174300001100200440003000211650002500241650003500266650002200301170203s9999 xx 000 0 und d a9718910867 aFic bP987 aPuss in boots / aPhilippines : bStraight lines International, Inc. c2001 a24 pages : bcolor illustrations : c21 cm. aClassic tales collection. aCats -- Folklore --  aYoung men -- Juvenile fiction. xJuvenile fiction.